Einleitung

Saved in:
Bibliographic Details
Main Author: Quack, Joachim Friedrich (Author)
Format: Chapter/Article Conference Paper
Language:German
Published: 2014
In: Ägyptische Rituale der griechisch-römischen Zeit
Year: 2014, Pages: 1-8
Online Access: Get full text
Author Notes:Joachim Friedrich Quack

MARC

LEADER 00000caa a22000002c 4500
001 1751679071
003 DE-627
005 20220819140411.0
007 tu
008 210318s2014 xx ||||| 00| ||ger c
035 |a (DE-627)1751679071 
035 |a (DE-599)KXP1751679071 
035 |a (OCoLC)1341398781 
040 |a DE-627  |b ger  |c DE-627  |e rda 
041 |a ger 
084 |a 13  |2 sdnb 
084 |a 0  |2 ssgn 
084 |a 1  |2 ssgn 
100 1 |a Quack, Joachim Friedrich  |d 1966-  |e VerfasserIn  |0 (DE-588)172322502  |0 (DE-627)673359115  |0 (DE-576)359582931  |4 aut 
245 1 0 |a Einleitung  |c Joachim Friedrich Quack 
264 1 |c 2014 
300 |a 8 
336 |a Text  |b txt  |2 rdacontent 
337 |a ohne Hilfsmittel zu benutzen  |b n  |2 rdamedia 
338 |a Band  |b nc  |2 rdacarrier 
773 0 8 |i Enthalten in  |t Ägyptische Rituale der griechisch-römischen Zeit  |d Tübingen : Mohr Siebeck, 2014  |g (2014), Seite 1-8  |h VI, 377 S.  |w (DE-627)1603766227  |w (DE-576)325113874  |z 9783161504181  |7 nnam  |a Einleitung 
773 1 8 |g year:2014  |g pages:1-8  |g extent:8  |a Einleitung 
935 |a mteo 
951 |a AR 
992 |a 20220511 
993 |a ConferencePaper 
994 |a 2014 
998 |g 172322502  |a Quack, Joachim Friedrich  |m 172322502:Quack, Joachim Friedrich  |d 70000  |d 71700  |d 71720  |e 70000PQ172322502  |e 71700PQ172322502  |e 71720PQ172322502  |k 0/70000/  |k 1/70000/71700/  |k 2/70000/71700/71720/  |p 1  |x j  |y j 
999 |a KXP-PPN1751679071  |e 4132076571 
BIB |a Y 
JSO |a {"person":[{"family":"Quack","role":"aut","given":"Joachim Friedrich","display":"Quack, Joachim Friedrich"}],"type":{"bibl":"chapter"},"origin":[{"dateIssuedDisp":"2014","dateIssuedKey":"2014"}],"name":{"displayForm":["Joachim Friedrich Quack"]},"title":[{"title":"Einleitung","title_sort":"Einleitung"}],"physDesc":[{"extent":"8 S."}],"relHost":[{"relMultPart":[{"type":{"bibl":"serial"},"pubHistory":["1.2009 -"],"disp":"Orientalische Religionen in der Antike","title":[{"title":"Orientalische Religionen in der Antike","title_sort":"Orientalische Religionen in der Antike","subtitle":"Ägypten, Israel, Alter Orient ; (ORA) = Oriental religions in antiquity"}],"physDesc":[{"noteFormat":"25 cm"}],"recId":"611731029","id":{"issn":["1869-0513"],"eki":["611731029"],"zdb":["2521522-X"]},"person":[{"given":"Joachim Friedrich","display":"Quack, Joachim Friedrich","family":"Quack","role":"edt"}],"origin":[{"dateIssuedKey":"2009","publisher":"Mohr Siebeck","dateIssuedDisp":"2009-","publisherPlace":"Tübingen"}],"titleAlt":[{"title":"ORA"}],"titleTranslated":[{"translated":"Oriental religions in antiquity"}],"dispAlt":"Orientalische Religionen in der Antike","language":["ger","eng"],"part":{"number_sort":["6"],"number":["6"]}}],"physDesc":[{"noteIll":"Ill., Kt.","noteFormat":"25 cm","extent":"VI, 377 S.","noteAccMat":"1 CD-ROM (12 cm)"}],"recId":"1603766227","id":{"eki":["1603766227"],"isbn":["9783161504181"]},"type":{"bibl":"edited-book"},"disp":"EinleitungÄgyptische Rituale der griechisch-römischen Zeit","title":[{"title":"Ägyptische Rituale der griechisch-römischen Zeit","title_sort":"Ägyptische Rituale der griechisch-römischen Zeit"}],"part":{"text":"(2014), Seite 1-8","pages":"1-8","extent":"8","year":"2014"},"language":["ger","fre","eng"],"person":[{"role":"edt","family":"Quack","display":"Quack, Joachim Friedrich","given":"Joachim Friedrich"}],"note":["Beitr. teilw. dt., teilw. engl., teilw. franz. - Literaturangaben"],"origin":[{"publisher":"Mohr Siebeck","dateIssuedKey":"2014","publisherPlace":"Tübingen","dateIssuedDisp":"2014"}],"titleAlt":[{"title":"Papyrus-Fotos"}],"name":{"displayForm":["hrsg. von Joachim Friedrich Quack"]}}],"recId":"1751679071","language":["ger"],"id":{"eki":["1751679071"]}} 
SRT |a QUACKJOACHEINLEITUNG2014